|
|
|
|
| LEADER |
00000nam0a2200000 4500 |
| 001 |
152730 |
| 005 |
20231031151125.0 |
| 020 |
|
|
|a RU
|b 85-106118
|
| 035 |
|
|
|a (RuTPU)RU\TPU\book\165591
|
| 090 |
|
|
|a 152730
|
| 100 |
|
|
|a 20090204d1985 m y0rusy5003 ca
|
| 101 |
0 |
|
|a rus
|
| 102 |
|
|
|a RU
|
| 105 |
|
|
|a y z 000ay
|
| 200 |
1 |
|
|a Одиночное плавание
|e повести и рассказы
|f Н. А. Черкашин
|
| 210 |
|
|
|a Москва
|c Современник
|d 1985
|
| 215 |
|
|
|a 384 с.
|d 17 см
|
| 225 |
1 |
|
|a Наш день
|
| 333 |
|
|
|a Исключено из фонда НТБ ТПУ
|
| 700 |
|
1 |
|a Черкашин
|b Н. А.
|g Николай Андреевич
|4 070
|
| 801 |
|
0 |
|a RU
|b RuMRKP
|c 19950704
|g psbo
|
| 801 |
|
1 |
|a RU
|b 63413507
|c 20090204
|g PSBO
|
| 801 |
|
2 |
|a RU
|b 63413507
|c 20160311
|g PSBO
|
| 942 |
|
|
|c BK
|